000 01252naa a22003497a 4500
001 BR8704642
003 BR-BrBNA
005 20240918175834.0
007 ta
008 230509b bl.||||| |||| 00| 0 por d
040 _aBR-BrBNA
_bpor
_cBiblioteca Nacional de Agricultura
041 _a(Pt)
072 _aF04
_b0150
_b3810
_bG514
090 _aF04 BR8704642
100 1 _aLopes, M.S.
100 1 _aJesus, M. de A. e S. de
100 1 _aGiorge, I.U.
100 1 _aCabral, J.T.
100 1 _aBacha, R.E.
111 1 _a12. Reuniao da Cultura do Arroz Irrigado
_cPorto Alegre, RS (Brazil)
_d21-23 Sep 1983
245 1 _aDoses e epocas de aplicacao de potassio em arroz irrigado [Oryza sativa, Rio Grande do Sul, Brasil]
260 3 _aPorto Alegre, RS (Brasil):
_c1983.
500 _aAnais da 12. Reuniao da Cultura do Arroz Irrigado Porto Alegre, RS (Brasil): 1983. p. 137-140 (BR8704642-AM)F04
650 _aARROZ IRRIGADO
650 _aFERTILIZANTE POTASSICO
650 _aADUBACAO
650 _aRENDIMENTO
650 _aRIO GRANDE DO SUL
773 0 _tAnais da 12. Reuniao da Cultura do Arroz Irrigado
_wF04 BR8704642
_gPorto Alegre, RS (Brasil), 1983. p. 137-140
909 _a202404
_bLucia
_c55
_dLucia Elande
942 _cAM
_2AGRIS
999 _c318375
_d318375